000 00822cam a2200253 i 4500
001 768714001
003 CO-MdBIC
005 20231124141013.0
008 231124t1927 -us||||| |||| 00| 0 spa d
040 _bspa.
_aCO-MdFUSB
_cCO-MdFUSB
_dCO-MdFUSBC
_erda
041 _aspa
082 0 4 _aG 231.3 M1295s
100 1 _aMcConkey, James H. (Henry) (1858-1937)H.
245 1 0 _aEl triple secreto del Espíritu Santo / James H. McConkey ; Beatrice Agostini, Traductor
_c/
264 1 _aLos Angeles, CA., USA : Casa Bíblica de los Angeles
_bCasa Bíblica de los Ángeles,
_c[1927]
264 4 _c©1927
300 _a106 Pag
_c;
336 _atexto
_btxt
_2rdacontent
337 _2rdamedia
_asin mediación
_bn
338 _2rdacarrier
_avolumen
_bnc
650 1 0 _aEspíritu Santo
_950
942 _cBK
945 _ajohan1477
999 _c34454
_d34454